Antiquites prehistoriques et protodynastiques d'Egypte /
Main Author:
Corporate Author:
Format: Book
Language: French
Published:
Bruxelles :
Musees royaux d'art et d'histoire,
1994.
Series:
Guides du Département égyptien ;
8.
Subjects:
Tags: Add Tag
Call Number: DT59 .B78 H46 1994
| LEADER | 00866namaa2200253 4500 | ||
|---|---|---|---|
| 001 | 13439 | ||
| 003 | OSt | ||
| 005 | 20260510113337.0 | ||
| 008 | 130303s1994 be ab b 000 0 fre d | ||
| 040 | |c ARCE Library | ||
| 043 | |a f-ua--- | ||
| 050 | 4 | |a DT59 .B78 H46 1994 | |
| 100 | 1 | |a Hendrickx, Stan, |e author | |
| 245 | 1 | 0 | |a Antiquites prehistoriques et protodynastiques d'Egypte / |c par Stan Hendrickx. |
| 264 | 1 | |a Bruxelles : |b Musees royaux d'art et d'histoire, |c 1994. | |
| 300 | |a 65 pages : |b illustrations, 1 map ; |c 24 cm. | ||
| 490 | 1 | |a Guides du Département égyptien ; |v 8. | |
| 504 | |a Includes bibliographical references. | ||
| 651 | 0 | |a Egypt |x Antiquities. | |
| 710 | 2 | |a Musées royaux d'art et d'histoire (Belgium). |b Département égyptien. | |
| 830 | 0 | |a Guides du Département égyptien ; |v 8. | |
| 901 | |a reviewed | ||
| 942 | |c BK |2 lcc | ||
| 999 | |c 13330 |d 13330 | ||
